000 00697nam a2200241Ia 4500
003 OSt
005 20220918223209.0
006 a|||||r|||| 00| 0
007 ta
008 220917b |||||||| |||| 00| 0 eng d
024 _a221,227
037 _cTextual
040 _aARTS
_cARTS
_beng
041 _2eng
_aeng
082 _aY73v, P2(M Phil)
100 _aClifford James
_9145152
245 0 _aPredicament of culture
_b Twentieth century ethnography, literature, and art
260 _aLondon
_bHarvard University Press
_c2002
300 _axii, 381p.
_ccm.
650 _aSOCIOLOGY
942 _hY73v, P2(M Phil)
_cTEXL
_2CC
999 _c277758
_d277758